| 000 | 00845nam a22001937a 4500 | ||
|---|---|---|---|
| 003 | BD-DhUL | ||
| 005 | 20211222145827.0 | ||
| 008 | 211222s1969 ii ab||| |||| 000 0 eng d | ||
| 040 |
_aBD-DhUL _cBD-DhUL |
||
| 082 |
_a954 _bKIB |
||
| 100 | 1 | _aচৌধুরী, কিরণচন্দ্র | |
| 245 | 1 | 0 |
_aভারতের ইতিহাসকথা [ত্রৈবার্ষিক স্নাতক সংস্করণ] : V.2 / _cকিরণচন্দ্র চৌধুরী |
| 260 |
_aকলিকাতা : _bমডার্ণ বুক এজেন্সী, _c১৯৬৯ |
||
| 300 |
_aখ, : _bচিত্র., মানচিত্র. ; _c২২ সেমি |
||
| 504 | _aখ: মধ্যযুগ । | ||
| 650 |
_aভারতের _xইতিহাস |
||
| 650 |
_aIndia - _xHistory |
||
| 942 |
_2ddc _cBK |
||
| 999 |
_c255084 _d255084 |
||